CSGO Awpers Quiz - Statistics

General Stats
  • This quiz has been taken 1,360 times
    1,258 since last reset
  • The average score is 18 of 32
Answer Stats
Team(s) Country Player % Correct
Team Vitality France ZywOo
98%
Team EnVyUs, G2 Esports France kennyS
94%
NAVI Junior, G2 Esports Russia m0NESY
83%
SK Gaming, MIBR, Team Liquid Brazil FalleN
82%
AVANGAR, Virtus.Pro, Outsiders Russia Jame
81%
FaZe Clan Latvia broky
79%
TSM, Astralis, Ninjas in Pyjamas Denmark device
79%
North, Heroic Denmark cadiaN
77%
HellRaisers, Team Liquid, Natus Vincere Ukraine s1mple
76%
Natus Vincere, FaZe Clan, Natus Vincere, Team Singularity Slovakia GuardiaN
75%
Fnatic Sweden JW
75%
FaZe Clan, ENCE Finland allu
68%
mousesports, Cloud 9, Eternal Fire Turkey woxic
68%
Gambit Esports, Cloud 9 Russia sh1ro
60%
BIG Germany syrsoN
57%
NRG, Evil Geniuses Bulgaria CeRq
52%
iBUYPOWER, Cloud 9 USA Skadoodle
52%
mousesports Netherlands chrisJ
48%
ATK, Cloud 9, Extra Salt, Team Liquid USA oSee
48%
OG Poland/UK mantuu
47%
ENCE Poland hades
45%
BIG, Fnatic UK smooya
43%
ESPADA, Team Spirit, OG Russia degster
42%
Nordavind, Dignitas, Complexity Gaming Norway hallzerk
42%
mousesports, Sinners Esports Czech Republic oskar
41%
Furia Esports Brazil arT
40%
Renegades, 100 Thieves, EXTREMUM New Zealand Gratisfaction
34%
MAD Lions, Mouz Denmark AcOr
32%
Furia Esports, OPlano, 00 Nation Brazil HEN1
32%
Copenhagen Flames, Fnatic Denmark nicoodoz
31%
Complexity Gaming Bulgaria poizon
30%
Renegades, Team Envy USA Nifty
27%
No matching quizzes found
Score Distribution
Percent of People with Each Score
Percentile by Number Answered
Your Score History
You have not taken this quiz since the last reset